000 00866nam a22003017a 4500
001 0000015
003 KOHA_MİRAKIL
005 20260207001156.0
007 ta
008 110504b2001 tu |||gr||||#||||0|tur |
020 _a9758561057
_c14,19
040 _aTR-BiSEU
_btur
_cTR-BiSEU
_erda
041 0 _atur
044 _ctu
050 _aT58.6
_b.Y87 2001
100 1 _aYüregir, Oya H..
245 1 _aBilişimde sistem analizi ve tasarımı/
_cOya H. Yüregir ; Oya H. Yüregir.
264 1 _aAnkara :
_bNobel Yayıncılık
_c2001
300 _a184 sayfa
336 _ametin
_btxt
_2rdacontent
337 _aaracısız
_bn
_2rdamedia
338 _acilt
_bnc
_2rdacarrier
650 0 _aGenel Konular.
_91504
650 0 _aVeri işleme, bilgisayar bilimi.
_91505
650 0 _aSistem analizi ve tasarımı.
_91506
907 _aBilgisayar
942 _2lcc
_cBK
999 _c16
_d16